<?xml version="1.0" encoding="UTF-8"?>
<collection xmlns="http://www.loc.gov/MARC21/slim">
    <record>
        <controlfield tag="001">31702</controlfield>
        <controlfield tag="005">20160204081420.0</controlfield>
        <datafield tag="037" ind1=" " ind2=" ">
            <subfield code="a">TAZ-TFG-2015-1977</subfield>
        </datafield>
        <datafield tag="041" ind1=" " ind2=" ">
            <subfield code="a">spa</subfield>
        </datafield>
        <datafield tag="100" ind1="1" ind2=" ">
            <subfield code="a">Sala de Torres-Solanot, Pablo</subfield>
        </datafield>
        <datafield tag="245" ind1="0" ind2="0">
            <subfield code="a">Formulación simpléctica de la Mecánica Cuántica</subfield>
        </datafield>
        <datafield tag="260" ind1=" " ind2=" ">
            <subfield code="a">Zaragoza</subfield>
            <subfield code="b">Universidad de Zaragoza</subfield>
            <subfield code="c">2015</subfield>
        </datafield>
        <datafield tag="500" ind1=" " ind2=" ">
            <subfield code="a">Resumen disponible en inglés</subfield>
        </datafield>
        <datafield tag="506" ind1=" " ind2=" ">
            <subfield code="a">by-nc-sa</subfield>
            <subfield code="b">Creative Commons</subfield>
            <subfield code="c">3.0</subfield>
            <subfield code="u">http://creativecommons.org/licenses/by-nc-sa/3.0/</subfield>
        </datafield>
        <datafield tag="520" ind1=" " ind2=" ">
            <subfield code="a">A pesar de que la mecánica cuántica suele ser formulada de una forma algebraica, una formulación geométrica de la misma ha sido desarrollada desde los años 70. Nuestro objetivo en este trabajo será explicar como realizar esta "geometrización" en términos de los observables y aplicarla a la contracción de la estructuras subyacentes de los sistemas cuánticos abiertos.  Por un lado, con el fin de reformular la mecánica cuántica, necesitaremos identificar el aparato matemático mínimo necesario. En nuestro caso, los principales objetos de la formulación serán el espacio de observables y el espacio de estados, vistos como funcionales sobre los anteriores. De este modo, en el primer capítulo identificaremos estos ingredientes, entonces estudiaremos sus estructuras matemáticas subyacentes y finalmente las traduciremos al lenguaje geométrico. Con este fin, definiremos un par de tensores que codifican la estructura de álgebra de Lie y de Jordan, existentes en el espacio de observables. Finalmente, al final del capítulo explicaremos como calcular el campo vectorial asociado con la dinámica sobre el espacio de estados, dado en el caso de sistemas cerrados por la ecuación de von Neumann. Sin embargo, debido a la interacción no despreciable existente entre un sistema cuántico real y su entorno, el sistema perderá algunas de sus características cuánticas, para finalmente mostrar un comportamiento un tanto "clásico", donde los observables que antes no conmutaban empiezan a hacerlo. Este tipo de sistemas, conocidos como sistemas cuánticos abiertos, serán la razón de este trabajo.  Por tanto, estudiaremos cómo el álgebra de observables cambia bajo esta evolución. Como dicha evolución no es unitaria, haremos uso del concepto de contracción de álgebras. Además, también nos enfrentaremos con el efecto Zenón cuántico. Este efecto, que ha sido desarrollado en los últimos cuarenta años, podría ser útil en varios campos tales como: el control de la decoherencia en computación cuántica, para reducir la dosis en las tomografías por reducción de neutrones, como preservación eficiente de la polarización de espín en gases etc. Debido a este efecto, uno podría proteger un cierto estado cuántico midiendo el sistema cuántico en estudio de manera continuada. Nuestra sensación, es que este fenómeno puede ser explicado haciendo uso del formalismo geométrico de la mecánica cuántica y de la teoría de contracciones.</subfield>
        </datafield>
        <datafield tag="521" ind1=" " ind2=" ">
            <subfield code="a">Graduado en Matemáticas</subfield>
        </datafield>
        <datafield tag="540" ind1=" " ind2=" ">
            <subfield code="a">Derechos regulados por licencia Creative Commons</subfield>
        </datafield>
        <datafield tag="700" ind1=" " ind2=" ">
            <subfield code="a">Clemente-Gallardo, Jesús</subfield>
            <subfield code="e">dir.</subfield>
        </datafield>
        <datafield tag="700" ind1=" " ind2=" ">
            <subfield code="a">Cariñena Marzo, José Fernando</subfield>
            <subfield code="e">dir.</subfield>
        </datafield>
        <datafield tag="710" ind1="2" ind2=" ">
            <subfield code="a">Universidad de Zaragoza</subfield>
            <subfield code="b">Física Teórica</subfield>
            <subfield code="c">Física Teórica</subfield>
        </datafield>
        <datafield tag="856" ind1="0" ind2=" ">
            <subfield code="f">628035@celes.unizar.es</subfield>
        </datafield>
        <datafield tag="856" ind1="4" ind2=" ">
            <subfield code="s">561174</subfield>
            <subfield code="u">http://zaguan.unizar.es/record/31702/files/TAZ-TFG-2015-1977.pdf</subfield>
            <subfield code="y">Memoria (spa)</subfield>
        </datafield>
        <datafield tag="856" ind1="4" ind2=" ">
            <subfield code="s">603654</subfield>
            <subfield code="u">http://zaguan.unizar.es/record/31702/files/TAZ-TFG-2015-1977_ANE.pdf</subfield>
            <subfield code="y">Anexos (spa)</subfield>
        </datafield>
        <datafield tag="909" ind1="C" ind2="O">
            <subfield code="o">oai:zaguan.unizar.es:31702</subfield>
            <subfield code="p">driver</subfield>
            <subfield code="p">trabajos-fin-grado</subfield>
        </datafield>
        <datafield tag="951" ind1=" " ind2=" ">
            <subfield code="a">deposita:2015-08-25</subfield>
        </datafield>
        <datafield tag="980" ind1=" " ind2=" ">
            <subfield code="a">TAZ</subfield>
            <subfield code="b">TFG</subfield>
            <subfield code="c">CIEN</subfield>
        </datafield>
    </record>

    
</collection>